| 000 | 00988cam a2200217 4500 | ||
|---|---|---|---|
| 001 | WB3914-15 | ||
| 008 | 030410n2003 000 0 eng u | ||
| 035 | _a(Sirsi) u121951 | ||
| 245 | _aImproving housing supply | ||
| 260 | _c2003 | ||
| 490 |
_aHM Treasury Press Release _v(PN 09) 9 April 2003 (3) |
||
| 520 | _aThree new reviews to improve the supply, planning and finance of housing were announced in the chancellor's 2003 budget. In particular, there will be a review of issues affecting housing supply in the light of planning reforms and a review of the UK fixed rate mortgage market. Full budget report available at www.hm-treasury.gov.uk/budget/bud_bud03/budget_report/bud_bud03_repindex.cfm. www.hm-treasury.gov.uk/budget/bud_bud03/press_notices/bud_bud03_press09.cfm | ||
| 590 | _aWB | ||
| 650 | _aFIXED-RATE MORTGAGES | ||
| 650 | _aMORTGAGE MARKET | ||
| 650 | _aHOUSING SUPPLY | ||
| 650 | _aBUDGET | ||
| 650 | _aPLANNING SYSTEM | ||
| 690 | _aHOUSING | ||
| 942 | _n0 | ||
| 999 |
_c72477 _d72477 |
||